00552nam a2200169Ia 4500003000900000008004100009040001600050080001800066100001900084245011000103260004000213300001500253650004100268650002000309650002000329650003300349IN-BaIIA211028s9999 xx 000 0 eng d cIIA Library a084.4:52bSLI aSlipher, E. C. 2aA photographic study of the brighter planetscE. C. Slipher  aFlagstaffbLowell Observatoryc1964 axvi, 124p. aAstronomy and astrophysics thesaurus aAtlas - planets aPlanets - atlas aPlanets - Photographic study